Ich sehe die Stadt …
| Titel: | Ich sehe die Stadt … / Daniela Hodrová ; aus dem Tschechischen übersetzt und herausgegeben von Eduard Schreiber ; mit einem Nachwort von Radonitzer |
|---|---|
| Verfasser: | |
| Beteiligt: | |
| Ausgabe: | Deutsche Erstausgabe |
| Veröffentlicht: | Wuppertal : Arco, [2019] |
| Umfang: | 135 Seiten ; 21 cm |
| Format: | Buch |
| Sprache: | Deutsch |
| Einheitssachtitel: | Město vidím |
| ISBN: | 9783965870024 ; 3965870025 |
| Hinweise zum Inhalt: |
Inhaltstext
Inhaltsverzeichnis |
alg: 45282966 001A $06000:05-09-19 001B $03025:13-09-23 $t10:50:47.000 001D $06062:28-12-22 001U $0utf8 001X $00 002@ $0Aax 002C $aText $btxt $2rdacontent 002D $aohne Hilfsmittel zu benutzen $bn $2rdamedia 002E $aBand $bnc $2rdacarrier 003@ $0452829666 004A $A978-3-96587-002-4 $fBroschur : circa EUR 16.00 (DE) (freier Preis), circa EUR 16.00 (AT) (freier Preis), circa CHF 20.00 (freier Preis) 004A $03-96587-002-5 004K $09783965870024 006C $01086480734 $aOCoLC 006G $01178038602 006H $0TOCNEUA1936 $2DNB 006T $019,N08 006U $019,A38 $f20190214 007A $01178038602 $aDNB 009P $qtext/html $A2 $3Inhaltstext $uhttp://deposit.dnb.de/cgi-bin/dokserv?id=c4b07437705049a0a65805fd16dec02a&prov=M&dok_var=1&dok_ext=htm $mX:MVB 009P $qapplication/pdf $A2 $3Inhaltsverzeichnis $uhttp://d-nb.info/1178038602/04 $mB:DE-101 010@ $ager $ccze 010E $erda 011@ $a2019 $n[2019] 013D $71071854844 $8Fiktionale Darstellung [Ts1] $9359645615 017A $asf 021A $aIch sehe die Stadt … $hDaniela Hodrová ; aus dem Tschechischen übersetzt und herausgegeben von Eduard Schreiber ; mit einem Nachwort von Radonitzer 022A $aMěsto vidím 028A $BVerfasser $#Chodrova, Daniela $4aut $7118200488 $8Hodrová, Daniela$Z1946- [Tp1] $9151677832 028C $BÜbersetzer $#Radonitzer $#Schreiber (Radonitzer), Eduard $#Schreiber Radonitzer, Eduard $#Radonitzer, Eduard Schreiber $4trl $7140436421 $8Schreiber, Eduard$Z1939- [Tp1] $9220408904 032@ $aDeutsche Erstausgabe 033A $pWuppertal $nArco 034D $a135 Seiten 034I $a21 cm 044K $#Prag $#Hlavni Město Praha $#Hauptstadt Prag $#Prag Kraj $#Bezirk Prag $#Praha $#Prague $#Praga $#Praag $74076310-9 $8Prag [Tg1] $9085216283 045E $c891.8 $cB lok: 45282966 78 exp: 45282966 78 1 #EPN 201B/01 $013-09-23 $t10:50:47.000 201C/01 $013-09-23 201U/01 $0utf8 203@/01 $01243433647 208@/01 $a13-09-23 $be 209A/01 $a/ $f000 $x00 209A/01 $ab*p $x01 220C/01 $apgar 244Z/01 $#Prag $#Hlavni Město Praha $#Hauptstadt Prag $#Prag Kraj $#Bezirk Prag $#Praha $#Prague $#Praga $#Praag $74076310-9 $8--Tg1--Prag $x01 $9085216283 244Z/01 $#Böhmische Kronländer $#Länder der Böhmischen Krone $#Sudetenland $#Böhmen $#Mähren $#Mährisch-Schlesien $#Österreichisch-Schlesien $#Tschechische Sozialistische Republik Böhmische Länder $#Tschechei Böhmische Länder $#Země koruny české $74069573-6 $8--Tg1--Böhmische Länder $x03 $9085195553 247C/01 $82080>Marburg/Lahn, Herder-Institut, Forschungsbibliothek, Bibliographieportal $9336309341
| LEADER | 00000cam a22000002c 4500 | ||
|---|---|---|---|
| 001 | 452829666 | ||
| 003 | DE-603 | ||
| 005 | 20230913105047.0 | ||
| 007 | tu | ||
| 008 | 190905s2019 xx |||| | u00||u|ger | ||
| 015 | |a 19,A38 |z 19,N08 |2 dnb | ||
| 016 | 7 | |2 DE-101 |a 1178038602 | |
| 020 | |a 9783965870024 |c Broschur : circa EUR 16.00 (DE) (freier Preis), circa EUR 16.00 (AT) (freier Preis), circa CHF 20.00 (freier Preis) | ||
| 020 | |a 3965870025 | ||
| 024 | 3 | |a 9783965870024 | |
| 035 | |a (DE-599)DNB1178038602 | ||
| 040 | |a DE-603 |b ger |c DE-603 |d DE-603 |e rda | ||
| 041 | |a ger |h cze | ||
| 084 | |a 891.8 |a B |q DE-101 |2 sdnb | ||
| 090 | |a b | ||
| 100 | 1 | |a Hodrová, Daniela |d 1946- |e Verfasser |4 aut |0 (DE-603)151677832 |0 (DE-588)118200488 |2 gnd | |
| 240 | 1 | 0 | |a Město vidím |
| 245 | 0 | 0 | |a Ich sehe die Stadt … |c Daniela Hodrová ; aus dem Tschechischen übersetzt und herausgegeben von Eduard Schreiber ; mit einem Nachwort von Radonitzer |
| 250 | |a Deutsche Erstausgabe | ||
| 264 | 1 | |a Wuppertal |b Arco |c [2019] | |
| 300 | |a 135 Seiten |c 21 cm | ||
| 336 | |a Text |b txt |2 rdacontent | ||
| 337 | |a ohne Hilfsmittel zu benutzen |b n |2 rdamedia | ||
| 338 | |a Band |b nc |2 rdacarrier | ||
| 651 | 7 | |a Prag |0 (DE-588)4076310-9 |0 (DE-603)085216283 |2 gnd | |
| 655 | 7 | |a Fiktionale Darstellung |2 gnd-content |0 (DE-588)1071854844 |0 (DE-603)359645615 | |
| 700 | 1 | |a Schreiber, Eduard |d 1939- |e Übersetzer |4 trl |0 (DE-603)220408904 |0 (DE-588)140436421 |2 gnd | |
| 856 | 4 | 2 | |m X:MVB |q text/html |u http://deposit.dnb.de/cgi-bin/dokserv?id=c4b07437705049a0a65805fd16dec02a&prov=M&dok_var=1&dok_ext=htm |3 Inhaltstext |
| 856 | 4 | 2 | |m B:DE-101 |q application/pdf |u http://d-nb.info/1178038602/04 |3 Inhaltsverzeichnis |
| 924 | 0 | |9 2080 |a (DE-603)1243433647 |b DE-2080 |c HES |d d |g / | |


